[Event "40. Open Ciudad de San Sebastián 2017"]
[Site "San Sebastián ESP"]
[Date "2017.04.14"]
[Round "8.4"]
[White "Garcia-Castany Musellas, Gal.L"]
[Black "Prieto Aranguren, Alain"]
[Result "0-1"]
[WhiteElo "2195"]
[BlackElo "2224"]
[PlyCount "70"]
[EventDate "2017.04.08"]
[EventType "swiss"]
[EventRounds "9"]
[EventCountry "ESP"]
[SourceTitle "Ajedrez en Madrid"]
[Source "lmi"]
[SourceDate "2017.04.08"]

1. e4 c6 2. Nc3 d5 3. Nf3 Bg4 4. h3 Bh5 5. exd5 cxd5 6. Bb5+ Nc6 7. g4 Bg6 8.
Ne5 Rc8 9. d4 e6 10. h4 f6 11. Nxg6 hxg6 12. Qd3 Kf7 13. Be3 Bb4 14. O-O-O Qa5
15. Bd2 a6 16. Bxc6 Rxc6 17. Kb1 Ne7 18. Ne2 Bxd2 19. Rxd2 Qc7 20. Qe3 Rc8 21.
Nf4 Rxc2 22. Qxe6+ Ke8 23. Qe1 Rxd2 24. Qxd2 Qd7 25. Qe2 Kf7 26. Re1 Nc6 27.
Ne6 Re8 28. h5 gxh5 29. g5 g6 30. Qd3 Rxe6 31. Rg1 Qe7 32. Qd2 Re2 33. Qc3 Qe4+
34. Ka1 Qxd4 35. Qb3 Na5 0-1

[Event "40. Open Ciudad de San Sebastián 2017"]
[Site "San Sebastián ESP"]
[Date "2017.04.14"]
[Round "8.5"]
[White "Urriza Iricibar, Pablo"]
[Black "Ladron De Guevara Galar, Fco J"]
[Result "1-0"]
[WhiteElo "2228"]
[BlackElo "2153"]
[PlyCount "97"]
[EventDate "2017.04.08"]
[EventType "swiss"]
[EventRounds "9"]
[EventCountry "ESP"]
[SourceTitle "Ajedrez en Madrid"]
[Source "lmi"]
[SourceDate "2017.04.08"]

1. e4 e5 2. Nf3 Nc6 3. Bc4 Nf6 4. Ng5 d5 5. exd5 Na5 6. Bb5+ c6 7. dxc6 bxc6 8.
Bd3 h6 9. Ne4 Nd5 10. O-O Nf4 11. Be2 Nxe2+ 12. Qxe2 Be7 13. a3 O-O 14. b4 Nb7
15. Bb2 Qc7 16. d3 Nd8 17. Re1 f6 18. Ng3 c5 19. Qe4 Rb8 20. Nc3 Bd6 21. b5 f5
22. Qf3 Bb7 23. Qh5 Ne6 24. Nce2 f4 25. Nf5 f3 26. Nxd6 fxe2 27. Bxe5 Ba8 28.
Ne4 Qb7 29. Bxb8 Qxb8 30. Qxe2 Nf4 31. Qg4 Bd5 32. f3 c4 33. dxc4 Bxc4 34. Rad1
Qb6+ 35. Kh1 Be6 36. Qg3 Qxb5 37. Qf2 Qf5 38. Ng3 Qf7 39. Rd4 Bd5 40. Ne4 Qg6
41. c4 Ba8 42. Red1 Kh7 43. Rd6 Qf5 44. Ng3 Qf7 45. Qc2+ Kg8 46. Ne4 Ne6 47. c5
Bxe4 48. Qxe4 Nxc5 49. Qd5 1-0

[Event "40. Open Ciudad de San Sebastián 2017"]
[Site "San Sebastián ESP"]
[Date "2017.04.14"]
[Round "8.6"]
[White "Gascon Del Nogal, Jose Rafael"]
[Black "Perez Pacheco, Ricardo"]
[Result "1-0"]
[WhiteElo "2489"]
[BlackElo "2192"]
[PlyCount "41"]
[EventDate "2017.04.08"]
[EventType "swiss"]
[EventRounds "9"]
[EventCountry "ESP"]
[SourceTitle "Ajedrez en Madrid"]
[Source "lmi"]
[SourceDate "2017.04.08"]

1. d4 d5 2. c4 e6 3. Nf3 c6 4. g3 dxc4 5. Bg2 b5 6. O-O Bb7 7. Ne5 Nd7 8. Qc2
Ngf6 9. b3 Nxe5 10. dxe5 cxb3 11. axb3 Nd5 12. Nd2 c5 13. Ne4 Qb6 14. Ba3 Rc8
15. Rfc1 b4 16. Bb2 a6 17. Rd1 Qc7 18. Nd6+ Bxd6 19. exd6 Qxd6 20. Bxg7 Rg8 21.
Qxh7 1-0

[Event "40. Open Ciudad de San Sebastián 2017"]
[Site "San Sebastián ESP"]
[Date "2017.04.14"]
[Round "8.7"]
[White "Garcia Martinez, Marcos"]
[Black "Del Rey, Diego"]
[Result "0-1"]
[WhiteElo "2168"]
[BlackElo "2356"]
[PlyCount "46"]
[EventDate "2017.04.08"]
[EventType "swiss"]
[EventRounds "9"]
[EventCountry "ESP"]
[SourceTitle "Ajedrez en Madrid"]
[Source "lmi"]
[SourceDate "2017.04.08"]

1. d4 d6 2. g3 e5 3. Bg2 exd4 4. Nf3 Nf6 5. O-O d5 6. Nxd4 Be7 7. c4 dxc4 8.
Nc3 O-O 9. Bf4 c6 10. a4 Na6 11. a5 Bc5 12. Nc2 Be6 13. Qxd8 Rfxd8 14. Rad1 h6
15. h3 Nd5 16. Nxd5 Bxd5 17. e4 Be6 18. Be3 Rd3 19. Bxc5 Nxc5 20. Ne3 Rad8 21.
f4 f6 22. Rfe1 R8d4 23. Rxd3 cxd3 0-1

[Event "40. Open Ciudad de San Sebastián 2017"]
[Site "San Sebastián ESP"]
[Date "2017.04.14"]
[Round "8.8"]
[White "Becerra, Juan David"]
[Black "Laliena Solanes, Luis"]
[Result "1/2-1/2"]
[WhiteElo "2341"]
[BlackElo "2179"]
[PlyCount "157"]
[EventDate "2017.04.08"]
[EventType "swiss"]
[EventRounds "9"]
[EventCountry "ESP"]
[SourceTitle "Ajedrez en Madrid"]
[Source "lmi"]
[SourceDate "2017.04.08"]

1. d4 d5 2. Nc3 Nf6 3. Bg5 c5 4. Bxf6 gxf6 5. e3 Nc6 6. Bb5 e6 7. Nge2 Bd7 8.
a3 f5 9. Bxc6 Bxc6 10. Nf4 Qf6 11. Qd2 Bd6 12. g3 O-O-O 13. O-O-O Kb8 14. Kb1
Rc8 15. Nfe2 Rc7 16. f4 Rhc8 17. Rhe1 Be8 18. Rc1 Qe7 19. Ka2 b5 20. dxc5 Bxc5
21. Nd4 b4 22. Nb1 bxa3 23. b3 Rb7 24. c3 a5 25. Qd3 Qd6 26. Nd2 Qb6 27. Rb1
Bb5 28. Qxb5 Qxb5 29. Nxb5 Rxb5 30. Nf3 Bd6 31. Nd4 Rbc5 32. b4 Rxc3 33. bxa5+
Ka8 34. a6 Bc5 35. Rb7 Bxd4 36. exd4 Rc2+ 37. Kxa3 R8c3+ 38. Kb4 Rc4+ 39. Kb3
R4c3+ 40. Kb4 Rc4+ 41. Kb3 R4c3+ 42. Ka4 Rc4+ 43. Ka3 R4c3+ 44. Ka4 Rc4+ 45.
Ka3 R4c3+ 46. Ka4 Ra2+ 47. Kb4 Rc4+ 48. Kb3 Rxa6 49. Rxf7 Rb6+ 50. Ka3 Rc3+ 51.
Ka4 Rc2 52. Ka5 Rb7 53. Rxb7 Kxb7 54. Rxe6 Rxh2 55. Kb5 Rh3 56. Re3 h5 57. Kc5
h4 58. Re7+ Kc8 59. Kxd5 hxg3 60. Ke5 Rh2 61. Rg7 Re2+ 62. Kxf5 g2 63. Kf6 Kd8
64. f5 Ke8 65. Rg8+ Kd7 66. Rg3 Rf2 67. Kg6 Ke7 68. d5 Kd6 69. f6 Kxd5 70. Kg7
Ke6 71. Rg6 Kd7 72. Kf7 Kd8 73. Kg7 Ke8 74. Rg3 Kd7 75. f7 Ke7 76. Re3+ Kd7 77.
Rg3 Ke7 78. Re3+ Kd7 79. Rg3 1/2-1/2

[Event "40. Open Ciudad de San Sebastián 2017"]
[Site "San Sebastián ESP"]
[Date "2017.04.14"]
[Round "8.9"]
[White "Srienz, Christian"]
[Black "Fuente San Sebastian, Ernesto"]
[Result "1/2-1/2"]
[WhiteElo "2196"]
[BlackElo "1866"]
[PlyCount "96"]
[EventDate "2017.04.08"]
[EventType "swiss"]
[EventRounds "9"]
[EventCountry "ESP"]
[SourceTitle "Ajedrez en Madrid"]
[Source "lmi"]
[SourceDate "2017.04.08"]

1. Nf3 d5 2. c4 c5 3. g3 Nf6 4. Bg2 g6 5. O-O Bg7 6. cxd5 Nxd5 7. Nc3 e6 8. d4
Nxc3 9. bxc3 O-O 10. Ba3 Nd7 11. dxc5 Re8 12. c6 bxc6 13. Nd4 Bxd4 14. Qxd4 Bb7
15. Rfd1 Nb6 16. Bd6 Nd5 17. Be5 Qe7 18. Qc4 Red8 19. Bd4 Nb6 20. Qb3 e5 21.
Be3 Rxd1+ 22. Rxd1 Rd8 23. h4 Rxd1+ 24. Qxd1 Nd5 25. Bg5 f6 26. Bd2 Qc5 27. e4
Nb6 28. Qb3+ Qc4 29. Bf1 Qxb3 30. axb3 Kf7 31. Be3 Kg7 32. f3 Nc8 33. Bc5 f5
34. exf5 gxf5 35. Bc4 Nb6 36. Be6 Kf6 37. Bg8 Kg7 38. Bxb6 axb6 39. Bc4 Kf6 40.
Kf2 h6 41. Ke3 Bc8 42. b4 c5 43. bxc5 bxc5 44. Bd5 Ba6 45. Bc6 Bc4 46. Bd7 Bf1
47. f4 Bc4 48. fxe5+ Kxe5 1/2-1/2

[Event "40. Open Ciudad de San Sebastián 2017"]
[Site "San Sebastián ESP"]
[Date "2017.04.14"]
[Round "8.10"]
[White "Zuloaga Erauskin, Markel"]
[Black "Llano Olabarrieta, Joseba"]
[Result "0-1"]
[WhiteElo "1820"]
[BlackElo "2146"]
[PlyCount "136"]
[EventDate "2017.04.08"]
[EventType "swiss"]
[EventRounds "9"]
[EventCountry "ESP"]
[SourceTitle "Ajedrez en Madrid"]
[Source "lmi"]
[SourceDate "2017.04.08"]

1. d4 Nf6 2. Nf3 e6 3. e3 c5 4. Bd3 b6 5. O-O Bb7 6. Nbd2 Be7 7. b3 cxd4 8.
exd4 O-O 9. Bb2 Nc6 10. a3 Rc8 11. c4 d5 12. Qc2 dxc4 13. bxc4 b5 14. c5 a6 15.
Rfd1 Qd5 16. Ne4 Qh5 17. Ng3 Qd5 18. Ne4 g6 19. Rac1 Nh5 20. Ng3 Nxg3 21. hxg3
Qh5 22. Be4 Rfd8 23. Qc3 Bf6 24. Qe1 Qh6 25. Ne5 Qg7 26. Ba1 Ba8 27. Nxc6 Bxc6
28. Bxc6 Rxc6 29. d5 exd5 30. Rxd5 Rdc8 31. Bxf6 Qxf6 32. Qe3 Kg7 33. Rcd1 Qe6
34. Qd4+ Qf6 35. Qe3 h5 36. Rd6 Qf5 37. Qd4+ Kh7 38. Rxc6 Rxc6 39. Rc1 Qg5 40.
Qc3 Qd5 41. Qe3 Kg7 42. Kf1 Kf6 43. Qc3+ Ke7 44. Qc2 Kf8 45. Qc3 Kg8 46. Kg1
Qg5 47. Re1 Qd8 48. Rc1 h4 49. gxh4 Qxh4 50. Qe3 Kg7 51. Qe5+ Qf6 52. Qe3 g5
53. Qe4 Kf8 54. g3 Qe6 55. Qd4 Qh6 56. Kg2 Rc8 57. Re1 Qc6+ 58. f3 f6 59. Rh1
Kg7 60. Rc1 Rh8 61. Rd1 Rc8 62. Rc1 Kf7 63. Kf2 Qe6 64. Qd3 Rh8 65. g4 Qa2+ 66.
Kg1 Qh2+ 67. Kf1 Qh1+ 68. Kf2 Rh2+ 0-1

[Event "40. Open Ciudad de San Sebastián 2017"]
[Site "San Sebastián ESP"]
[Date "2017.04.14"]
[Round "8.11"]
[White "Torres Ganuza, Francisco Javie"]
[Black "Lopez Mijail, Nicolas"]
[Result "1-0"]
[WhiteElo "2095"]
[BlackElo "1915"]
[PlyCount "63"]
[EventDate "2017.04.08"]
[EventType "swiss"]
[EventRounds "9"]
[EventCountry "ESP"]
[SourceTitle "Ajedrez en Madrid"]
[Source "lmi"]
[SourceDate "2017.04.08"]

1. d4 Nf6 2. c4 e6 3. Nf3 b6 4. e3 Bb7 5. Be2 Be7 6. O-O O-O 7. Nc3 d5 8. b3 c5
9. Bb2 Nbd7 10. cxd5 Nxd5 11. Rc1 Rc8 12. Qd3 N7f6 13. Na4 cxd4 14. Bxd4 Rxc1
15. Rxc1 Qa8 16. Qb1 Rd8 17. Nb2 Nb4 18. Nc4 Be4 19. Qb2 Nd3 20. Bxd3 Bxd3 21.
Nce5 Be4 22. Ng5 Bg6 23. Nc6 Re8 24. Nxe7+ Rxe7 25. Bxf6 gxf6 26. Qxf6 Rd7 27.
Nxe6 fxe6 28. Qxe6+ Rf7 29. Rc8+ Qxc8 30. Qxc8+ Kg7 31. f4 Bf5 32. Qd8 1-0

[Event "40. Open Ciudad de San Sebastián 2017"]
[Site "San Sebastián ESP"]
[Date "2017.04.14"]
[Round "8.12"]
[White "Troffiguer, Olivier"]
[Black "Arocena Uria, Jaime"]
[Result "0-1"]
[WhiteElo "2059"]
[BlackElo "1831"]
[PlyCount "64"]
[EventDate "2017.04.08"]
[EventType "swiss"]
[EventRounds "9"]
[EventCountry "ESP"]
[SourceTitle "Ajedrez en Madrid"]
[Source "lmi"]
[SourceDate "2017.04.08"]

1. d4 Nf6 2. Bf4 e6 3. e3 d6 4. Nd2 b6 5. Be2 Bb7 6. Bf3 d5 7. g4 Bd6 8. Ne2 c5
9. c3 Nc6 10. g5 Ng8 11. h4 Nge7 12. Qa4 Qc7 13. dxc5 bxc5 14. Bxd6 Qxd6 15.
O-O-O O-O 16. Ne4 Qc7 17. Nxc5 Ne5 18. Nxb7 Nxf3 19. Na5 Rab8 20. Nb3 Ne5 21.
h5 Nc4 22. Nf4 Nc8 23. g6 fxg6 24. Nxe6 N8b6 25. Nxc7 Nxa4 26. Rxd5 Rxf2 27.
hxg6 hxg6 28. Ne6 Nxe3 29. Rd7 Rc2+ 30. Kb1 Rxb2+ 31. Kc1 Rc2+ 32. Kb1 Nxc3+
0-1

[Event "40. Open Ciudad de San Sebastián 2017"]
[Site "San Sebastián ESP"]
[Date "2017.04.15"]
[Round "9.1"]
[White "Prieto Aranguren, Alain"]
[Black "Lopez Martinez, Josep Manuel"]
[Result "0-1"]
[WhiteElo "2224"]
[BlackElo "2583"]
[PlyCount "91"]
[EventDate "2017.04.08"]
[EventType "swiss"]
[EventRounds "9"]
[EventCountry "ESP"]
[SourceTitle "Ajedrez en Madrid"]
[Source "lmi"]
[SourceDate "2017.04.08"]

1. d4 d5 2. c4 e6 3. Nc3 Bb4 4. Nf3 dxc4 5. g3 Bd7 6. Bg2 Bc6 7. O-O Ne7 8. Ne5
Bxg2 9. Kxg2 Nbc6 10. Nxc6 Nxc6 11. d5 Bxc3 12. dxc6 Qxd1 13. Rxd1 Bf6 14. cxb7
Rb8 15. Rd2 Rxb7 16. Rc2 Kd7 17. Bf4 Rxb2 18. Rd1+ Kc8 19. Rxc4 e5 20. Be3 Rxa2
21. Rdc1 Bd8 22. Rb1 a5 23. Rc5 Re8 24. Rcb5 Be7 25. Rxe5 Kd7 26. Rf5 f6 27.
Rbb5 Ra8 28. Kf3 a4 29. Bc5 Bxc5 30. Rfxc5 Ra7 31. Ra5 Rxa5 32. Rxa5 Kc6 33. e4
Kb6 34. Ra8 Kb5 35. Ke3 Rc2 36. f4 Kb4 37. e5 fxe5 38. fxe5 a3 39. Kd3 Rc6 40.
Kd4 Kb3 41. Kd5 Rc2 42. Rb8+ Kc3 43. Rb7 Rd2+ 44. Ke4 a2 45. Rxc7+ Kb2 46. Ra7
0-1

[Event "40. Open Ciudad de San Sebastián 2017"]
[Site "San Sebastián ESP"]
[Date "2017.04.15"]
[Round "9.2"]
[White "Narciso Dublan, Marc"]
[Black "Urriza Iricibar, Pablo"]
[Result "1-0"]
[WhiteElo "2508"]
[BlackElo "2228"]
[PlyCount "95"]
[EventDate "2017.04.08"]
[EventType "swiss"]
[EventRounds "9"]
[EventCountry "ESP"]
[SourceTitle "Ajedrez en Madrid"]
[Source "lmi"]
[SourceDate "2017.04.08"]

1. d4 c5 2. d5 Nf6 3. c4 e6 4. Nc3 exd5 5. cxd5 d6 6. e4 g6 7. Nge2 Bg7 8. Ng3
O-O 9. Be2 Na6 10. O-O Nc7 11. a4 a6 12. Bg5 h6 13. Be3 Re8 14. Qd2 Kh7 15. h3
Rb8 16. a5 Bd7 17. f3 b5 18. axb6 Rxb6 19. Rfb1 Qa8 20. Bc4 Qb7 21. b3 Bb5 22.
Nge2 Nd7 23. Bxb5 axb5 24. b4 Na6 25. bxc5 dxc5 26. Ra2 b4 27. Na4 Rb5 28. Nb2
Bxb2 29. Qxb2 Ne5 30. Qa1 Rb6 31. Ra4 Nc4 32. Bc1 Ra8 33. Nf4 Nc7 34. Rxa8 Qxa8
35. Qxa8 Nxa8 36. Ra1 Rb8 37. Ra7 Kg8 38. Nd3 b3 39. Bf4 Rc8 40. d6 b2 41. Rb7
Nxd6 42. Bxd6 c4 43. Nxb2 c3 44. Nd3 c2 45. Rb8 Rxb8 46. Bxb8 Nb6 47. Bf4 g5
48. Bc1 1-0

[Event "40. Open Ciudad de San Sebastián 2017"]
[Site "San Sebastián ESP"]
[Date "2017.04.15"]
[Round "9.3"]
[White "Stella, Andrea"]
[Black "Panelo, Marcelo"]
[Result "1/2-1/2"]
[WhiteElo "2500"]
[BlackElo "2373"]
[PlyCount "23"]
[EventDate "2017.04.08"]
[EventType "swiss"]
[EventRounds "9"]
[EventCountry "ESP"]
[SourceTitle "Ajedrez en Madrid"]
[Source "lmi"]
[SourceDate "2017.04.08"]

1. d4 Nf6 2. c4 e6 3. Nc3 Bb4 4. e3 O-O 5. Nge2 d5 6. a3 Bd6 7. Ng3 c5 8. dxc5
Bxc5 9. cxd5 exd5 10. Be2 Nc6 11. O-O Bb6 12. Na4 1/2-1/2

[Event "40. Open Ciudad de San Sebastián 2017"]
[Site "San Sebastián ESP"]
[Date "2017.04.15"]
[Round "9.4"]
[White "Del Rey, Diego"]
[Black "Gascon Del Nogal, Jose Rafael"]
[Result "0-1"]
[WhiteElo "2356"]
[BlackElo "2489"]
[PlyCount "62"]
[EventDate "2017.04.08"]
[EventType "swiss"]
[EventRounds "9"]
[EventCountry "ESP"]
[SourceTitle "Ajedrez en Madrid"]
[Source "lmi"]
[SourceDate "2017.04.08"]

1. e4 c5 2. Nf3 d6 3. Bb5+ Nc6 4. Bxc6+ bxc6 5. O-O e5 6. c3 f5 7. d4 fxe4 8.
Ng5 d5 9. dxe5 Be7 10. Qa4 Qb6 11. c4 h6 12. cxd5 Bxg5 13. Bxg5 hxg5 14. Nc3
Bf5 15. d6 O-O-O 16. Rac1 Nh6 17. b4 c4 18. Nd1 Ng4 19. Rxc4 Kb7 20. h3 Nxe5
21. Rc5 Rde8 22. Ne3 Bd7 23. Qc2 g4 24. Qc3 Nd3 25. Nc4 Qd8 26. Na5+ Ka8 27.
Rxc6 gxh3 28. g3 h2+ 29. Kh1 Qf6 30. Qxf6 gxf6 31. Rc7 Bg4 0-1

[Event "40. Open Ciudad de San Sebastián 2017"]
[Site "San Sebastián ESP"]
[Date "2017.04.15"]
[Round "9.5"]
[White "Llano Olabarrieta, Joseba"]
[Black "Becerra, Juan David"]
[Result "0-1"]
[WhiteElo "2146"]
[BlackElo "2341"]
[PlyCount "86"]
[EventDate "2017.04.08"]
[EventType "swiss"]
[EventRounds "9"]
[EventCountry "ESP"]
[SourceTitle "Ajedrez en Madrid"]
[Source "lmi"]
[SourceDate "2017.04.08"]

1. e4 e5 2. Nf3 Nc6 3. Bb5 a6 4. Ba4 Nf6 5. O-O b5 6. Bb3 Be7 7. d3 O-O 8. Nc3
d6 9. a3 h6 10. Nd5 Na5 11. Ba2 Be6 12. Nxf6+ Bxf6 13. Bxe6 fxe6 14. b4 Nc6 15.
c3 d5 16. Qb3 Kh7 17. Be3 Be7 18. a4 Qd7 19. axb5 axb5 20. Rxa8 Rxa8 21. Bc5
Bxc5 22. bxc5 dxe4 23. dxe4 Ra5 24. Rd1 Qe7 25. h4 Kg6 26. Rd3 Kh7 27. g3 Kg8
28. Kg2 Qe8 29. h5 b4 30. cxb4 Rb5 31. Qc3 Nxb4 32. Rd2 Nc6 33. Nxe5 Qxh5 34.
Qc4 Rb1 35. Qxe6+ Kh7 36. f4 Qh1+ 37. Kf2 Rf1+ 38. Ke3 Re1+ 39. Kd3 Qxe4+ 40.
Kc3 Re3+ 41. Kb2 Qb4+ 42. Kc2 Nd4+ 43. Rxd4 Qc3+ 0-1

[Event "40. Open Ciudad de San Sebastián 2017"]
[Site "San Sebastián ESP"]
[Date "2017.04.15"]
[Round "9.6"]
[White "Iglesias Ojeda, Fernando"]
[Black "Guijarro Galan, Jose Luis"]
[Result "0-1"]
[WhiteElo "2047"]
[BlackElo "2218"]
[PlyCount "96"]
[EventDate "2017.04.08"]
[EventType "swiss"]
[EventRounds "9"]
[EventCountry "ESP"]
[SourceTitle "Ajedrez en Madrid"]
[Source "lmi"]
[SourceDate "2017.04.08"]

1. e4 c5 2. d4 cxd4 3. c3 dxc3 4. Nxc3 e6 5. Bc4 Nc6 6. Nf3 Bb4 7. O-O Nge7 8.
Nb5 Ng6 9. Bg5 f6 10. Be3 O-O 11. a3 Be7 12. Ba2 Kh8 13. Rc1 a6 14. Nc3 b5 15.
Nd5 exd5 16. exd5 Nce5 17. d6 Bxd6 18. Qxd6 Nxf3+ 19. gxf3 Bb7 20. Bd5 Bxd5 21.
Qxd5 Ne5 22. Rfd1 Rc8 23. f4 Rxc1 24. Bxc1 Nc6 25. Qxd7 Qxd7 26. Rxd7 Rd8 27.
Rxd8+ Nxd8 28. Kg2 f5 29. Kf3 Kg8 30. Ke3 Nc6 31. Bd2 Kf7 32. Kd3 Ke6 33. Bc3
g6 34. f3 Kd5 35. Bf6 Nb8 36. Bc3 Nd7 37. Bg7 Nc5+ 38. Kc3 Ne6 39. Be5 Ng5 40.
Kb4 Nxf3 41. Bb8 Nxh2 42. Ka5 Nf3 43. Kxa6 Kc6 44. b4 Nd4 45. a4 bxa4 46. Be5
Nb5 47. Ka5 a3 48. Ka4 h5 0-1

[Event "40. Open Ciudad de San Sebastián 2017"]
[Site "San Sebastián ESP"]
[Date "2017.04.15"]
[Round "9.7"]
[White "Fuente San Sebastian, Ernesto"]
[Black "Garcia-Castany Musellas, Gal.L"]
[Result "0-1"]
[WhiteElo "1866"]
[BlackElo "2195"]
[PlyCount "70"]
[EventDate "2017.04.08"]
[EventType "swiss"]
[EventRounds "9"]
[EventCountry "ESP"]
[SourceTitle "Ajedrez en Madrid"]
[Source "lmi"]
[SourceDate "2017.04.08"]

1. c4 e6 2. Nc3 Nf6 3. d4 Bb4 4. a3 Bxc3+ 5. bxc3 c5 6. Nf3 Qc7 7. Qd3 Nc6 8.
Bg5 b6 9. e4 Ba6 10. Qc2 cxd4 11. cxd4 Na5 12. Bd3 Bxc4 13. Rc1 b5 14. Qb2 Qb7
15. Bxc4 Nxc4 16. Qb4 Qxe4+ 17. Kf1 a6 18. Re1 Qd3+ 19. Kg1 Qxa3 20. Qb1 d5 21.
Bxf6 gxf6 22. h4 Ke7 23. Rh3 Rag8 24. Qf5 Qb4 25. Qf4 Qd6 26. Qc1 Rg4 27. Ne5
fxe5 28. dxe5 Nxe5 29. Qe3 Nd7 30. Rf3 Rhg8 31. g3 Rxh4 32. Kf1 Rh1+ 33. Kg2
Rxe1 34. Qxe1 Ne5 35. Rf4 Nd3 0-1

[Event "40. Open Ciudad de San Sebastián 2017"]
[Site "San Sebastián ESP"]
[Date "2017.04.15"]
[Round "9.8"]
[White "Laliena Solanes, Luis"]
[Black "Munoz Avila, Jose Luis"]
[Result "1/2-1/2"]
[WhiteElo "2179"]
[BlackElo "2100"]
[PlyCount "98"]
[EventDate "2017.04.08"]
[EventType "swiss"]
[EventRounds "9"]
[EventCountry "ESP"]
[SourceTitle "Ajedrez en Madrid"]
[Source "lmi"]
[SourceDate "2017.04.08"]

1. e4 e5 2. Nf3 d6 3. d4 exd4 4. Qxd4 Nc6 5. Bb5 Nge7 6. Qd3 a6 7. Ba4 Ng6 8.
Nc3 Be7 9. O-O O-O 10. Nd5 Nce5 11. Nxe5 dxe5 12. Be3 b5 13. Bb3 Bb7 14. Rfd1
Nf4 15. Nxf4 exf4 16. Bxf4 Bc5 17. Bd5 Bxd5 18. Qxd5 Bb6 19. Qf5 Qe8 20. Rd7
Rd8 21. Rad1 Rxd7 22. Rxd7 Qe6 23. Qxe6 fxe6 24. Bg3 Rf7 25. Rxf7 Kxf7 26. Kf1
Kf6 27. Ke2 e5 28. f3 c6 29. Bf2 Bc7 30. Bc5 Ke6 31. Kd3 Ba5 32. g3 Bc7 33. Be3
g6 34. c4 Bd6 35. b3 Be7 36. Bb6 Bb4 37. Bc7 Bc5 38. f4 Bd4 39. Bxe5 Bxe5 40.
fxe5 Kxe5 41. a3 g5 42. Ke3 bxc4 43. bxc4 c5 44. h4 g4 45. h5 h6 46. a4 a5 47.
Kd3 Ke6 48. e5 Kxe5 49. Ke3 Kf5 1/2-1/2

[Event "40. Open Ciudad de San Sebastián 2017"]
[Site "San Sebastián ESP"]
[Date "2017.04.15"]
[Round "9.9"]
[White "Ladron De Guevara Galar, Fco J"]
[Black "Torres Ganuza, Francisco Javie"]
[Result "0-1"]
[WhiteElo "2153"]
[BlackElo "2095"]
[PlyCount "130"]
[EventDate "2017.04.08"]
[EventType "swiss"]
[EventRounds "9"]
[EventCountry "ESP"]
[SourceTitle "Ajedrez en Madrid"]
[Source "lmi"]
[SourceDate "2017.04.08"]

1. d4 c5 2. d5 e5 3. e4 d6 4. Nc3 Nf6 5. Nf3 Be7 6. Be2 O-O 7. O-O Nbd7 8. Re1
a6 9. Bf1 b5 10. a4 b4 11. Nb1 a5 12. Nbd2 Nb6 13. Nc4 Nfd7 14. Ne3 Nf6 15. Nd2
g6 16. Be2 Nfd7 17. Bg4 Ba6 18. Be2 Bb7 19. Bb5 Bf6 20. Qe2 Qc7 21. b3 Bg7 22.
g4 Nf6 23. f3 Qe7 24. Kg2 Nfd7 25. h4 Qxh4 26. Bxd7 Nxd7 27. Ndc4 Qe7 28. Rh1
Ba6 29. Qf2 Bxc4 30. bxc4 Rfd8 31. Nf1 Bf6 32. Qe3 Nf8 33. Bd2 Bg7 34. Ng3 Rdb8
35. Qd3 Rb7 36. Be3 Rab8 37. Rhb1 Bf6 38. Qd2 b3 39. Ne2 bxc2 40. Qxc2 Bg5 41.
Bf2 h5 42. gxh5 gxh5 43. Ng3 h4 44. Nf5 Qf6 45. Rb5 Ng6 46. Rab1 Rxb5 47. axb5
Bf4 48. Rh1 Qg5+ 49. Kf1 Qh5 50. Rh3 Bg5 51. Qc3 Nf4 52. Ng3 Qg6 53. Rh1 hxg3
54. Bxg3 Qf6 55. Rg1 Ng6 56. Ke2 Ra8 57. b6 Qe7 58. Rb1 Qb7 59. Rg1 a4 60. Bxe5
dxe5 61. Rxg5 a3 62. Qxe5 Qxb6 63. f4 Qb2+ 64. Qxb2 axb2 65. Rg1 Ra1 0-1

[Event "40. Open Ciudad de San Sebastián 2017"]
[Site "San Sebastián ESP"]
[Date "2017.04.15"]
[Round "9.10"]
[White "Arocena Uria, Jaime"]
[Black "Garcia Martinez, Marcos"]
[Result "0-1"]
[WhiteElo "1831"]
[BlackElo "2168"]
[PlyCount "22"]
[EventDate "2017.04.08"]
[EventType "swiss"]
[EventRounds "9"]
[EventCountry "ESP"]
[SourceTitle "Ajedrez en Madrid"]
[Source "lmi"]
[SourceDate "2017.04.08"]

1. e4 e6 2. d4 d5 3. Nc3 Nf6 4. Bg5 Bb4 5. e5 h6 6. Bc1 Nfd7 7. Qg4 Bf8 8. Bd3
c5 9. Nb5 cxd4 10. Nd6+ Bxd6 11. Qxg7 Bxe5 0-1

[Event "40. Open Ciudad de San Sebastián 2017"]
[Site "San Sebastián ESP"]
[Date "2017.04.15"]
[Round "9.11"]
[White "Vinal Gutierrez, Pedro"]
[Black "Srienz, Christian"]
[Result "1/2-1/2"]
[WhiteElo "2007"]
[BlackElo "2196"]
[PlyCount "41"]
[EventDate "2017.04.08"]
[EventType "swiss"]
[EventRounds "9"]
[EventCountry "ESP"]
[SourceTitle "Ajedrez en Madrid"]
[Source "lmi"]
[SourceDate "2017.04.08"]

1. d4 Nf6 2. Nf3 c5 3. c3 e6 4. Bf4 d5 5. e3 Nc6 6. Bd3 Bd6 7. Bxd6 Qxd6 8.
Nbd2 O-O 9. O-O e5 10. dxe5 Nxe5 11. Nxe5 Qxe5 12. Nf3 Qe7 13. Qa4 Bg4 14. Qf4
Rfe8 15. Rfd1 a6 16. h3 Bxf3 17. Qxf3 Rad8 18. Qf4 Rd6 19. Rd2 Red8 20. Rad1 g6
21. Bc2 1/2-1/2

[Event "40. Open Ciudad de San Sebastián 2017"]
[Site "San Sebastián ESP"]
[Date "2017.04.15"]
[Round "9.12"]
[White "Perez Pacheco, Ricardo"]
[Black "Juez Villar, Erik"]
[Result "1-0"]
[WhiteElo "2192"]
[BlackElo "1970"]
[PlyCount "67"]
[EventDate "2017.04.08"]
[EventType "swiss"]
[EventRounds "9"]
[EventCountry "ESP"]
[SourceTitle "Ajedrez en Madrid"]
[Source "lmi"]
[SourceDate "2017.04.08"]

1. b3 Nf6 2. Bb2 g6 3. e4 d6 4. Nc3 Bg7 5. Nd5 O-O 6. Nxf6+ exf6 7. Qf3 Re8 8.
O-O-O Bd7 9. d4 a5 10. a3 Qe7 11. Bd3 c5 12. Ne2 Bc6 13. d5 Bd7 14. Nc3 a4 15.
bxa4 Bxa4 16. Nxa4 Rxa4 17. Bb5 Rxe4 18. Bxe8 Qxe8 19. Bxf6 Bh6+ 20. Kb1 Nd7
21. Bb2 f5 22. Qc3 Ne5 23. Rhe1 Qa4 24. f3 Rxe1 25. Rxe1 Bg7 26. Qb3 Qxb3 27.
cxb3 Nd3 28. Re8+ Kf7 29. Rb8 Bxb2 30. Rxb7+ Kf6 31. Kc2 Ke5 32. Kxd3 Bxa3 33.
Rxh7 Kxd5 34. Rg7 1-0